000
00256nam a22001217a 4500
040
_c
SCME
100
_a
White Frank M.
_9
3282
245
_a
Fluid Mechanic
250
_a
8th
260
_a
New York
_b
McGraw Hill
_c
2016
300
_a
807p.
942
_2
ddc
_c
BK
999
_c
592688
_d
592688